000 01009nam a2200265Ia 4500
003 OSt
005 20220930075104.0
006 a|||||r|||| 00| 0
007 ta
008 220926b |||||||| |||| 00| 0 eng d
024 _a78747
037 _cTheses
040 _aCRL
_cCRL
_beng
041 _2eng
_aeng
100 _aJani Dewal
_9535518
110 _aUniversity of Delhi. Faculty of Inter-disciplinary and Applied Sciences. Department of Plant Molecular Biology
_9523650
245 0 _aExpression of vibrio cholerae antigens (Cholera toxin subunit B and toxin coregulated pilus subunit A) in transgenic tobacco and tomato
260 _c2003
650 _aPLANTS
700 _a Dr Arun K Sharma Gu.
_9535519
700 _a Prof Akhilesh K Tyagi Gu.
700 _aUniversity of Delhi. Faculty of Inter-disciplinary and Applied Sciences. Department of Plant Molecular Biology
_9523651
942 _cDIS
_2CC
999 _c867605
_d867605